000 01379nam a22004097a 4500
003 CHAP
005 20220817041654.0
008 971013s1994 it a r 00010 eng d
010 _a21200
011 _a22172
020 _a9251033048
035 _a26265
040 _cCHAP
082 _a636.08
_bF3y v.119
110 _aFAO
245 1 0 _aManual on meat inspection for developing countries
_c/by B. Herenda ...[et al.]
260 _aRome :
_bFAO,
_c1994
300 _a357 p. :
_bilus.
490 0 _aFAO. Producción y sanidad animal
_v; 119
590 _aBATCH-UPD
_b10
_c20130110
_lUCH01
_h1201
590 _aBATCH-UPD
_b10
_c20130410
_lUCH01
_h0744
590 _aBATCH-UPD
_b10
_c20130914
_lUCH01
_h0442
590 _aCONVERSION
_b10
_c20130109
_lUCH01
_h1313
650 1 4 _aAves de corral
_xEnfermedades.
_98646
650 1 4 _aCarne
_xAnálisis.
_919061
650 1 4 _aCarne
_xInspección.
_919087
650 1 4 _aConejos
_xEnfermedades.
_926362
650 1 4 _aGanado caballar
_xEnfermedades.
_944973
650 1 4 _aGanado cabrío
_xEnfermedades.
_945007
650 1 4 _aGanado lanar
_xEnfermedades.
_945173
650 1 4 _aGanado porcino
_xEnfermedades.
_945360
700 0 _aHerenda, D.
_953729
830 0 _aFAO. Producción y sanidad animal
_v; 119
_939655
901 _aBK
942 _cLIBRO
949 _a636.08 F3y v.119
_bBC
_cFAO
_d33724002134446
_eFAO1
_gDonaciØn
_h87284
_i26265
_sb
999 _c21200
_d21200